000 00447nam a22001817a 4500
003 CEME
005 20210628210512.0
008 210208b xxu||||| |||| 00| 0 eng d
020 _a186378-055-5
040 _c.
082 _a746.44 DYN
100 _aSnepp, Alison Dynes, Cecily
_979650
245 _aBabies names and embroidery
260 _aAUSTRALIA
_bBAY BOOKS
_c1993
300 _a95P
650 _aEMBROIDERY
_932735
942 _cBK
_2ddc
999 _c584670
_d584670